[Event "PNWCC Masters WOO 2020"]
[Site "chess.com INT"]
[Date "2020.07.06"]
[Round "8.6"]
[White "Martinez Alcantara, Jose Eduardo"]
[Black "Esipenko, Andrey"]
[Result "1/2-1/2"]
[WhiteTitle "GM"]
[BlackTitle "GM"]
[WhiteElo "2620"]
[BlackElo "2682"]
[WhiteFideId "3805662"]
[BlackFideId "24175439"]
[EventDate "2020.07.04"]

1. c4 e5 2. Nc3 Nf6 3. Nf3 Nc6 4. a3 d5 5. cxd5 Nxd5 6. Qc2 Nxc3 7. dxc3 a5 8.
e4 Bc5 9. a4 h6 10. Bc4 O-O 11. Qe2 Qf6 12. Be3 Bxe3 13. Qxe3 Be6 14. Bb5 Ne7
15. O-O Ng6 16. g3 Rfd8 17. Rfd1 Qe7 18. Be2 Rxd1+ 19. Rxd1 Nf8 20. Nd2 Nd7 21.
Bc4 Nb6 22. Bxe6 Qxe6 23. Ra1 Rd8 24. b4 axb4 25. cxb4 Qd6 26. a5 Nc8 27. Nf3
Qxb4 28. a6 bxa6 29. Nxe5 Qb2 30. Ra5 Nd6 31. Kg2 Re8 32. Nd3 Qb1 33. Rxa6 Nxe4
34. Ra7 Qb8 35. Ra5 Ng5 36. Qc5 Rd8 37. Qc6 Qb6 38. Qxb6 cxb6 39. Ra3 Rd5 40.
Nf4 Rd2 41. Ra8+ Kh7 42. Re8 f5 43. h4 Ne4 44. Kg1 g5 45. Re7+ Kg8 46. hxg5 hxg5
47. Ne6 g4 48. Rg7+ Kh8 49. Rf7 Rd6 50. Nf4 Ng5 51. Rxf5 Rd1+ 52. Kg2 Nf3 53.
Rh5+ Kg7 54. Rh1 Rxh1 55. Kxh1 b5 56. Nd5 Kg6 57. Kg2 Nd2 58. f4 gxf3+ 59. Kf2
Kf5 60. Ke3 Kg4 61. Kxd2 Kxg3 62. Ne3 b4 63. Kc2 Kf2 64. Ng4+ Kg3 65. Ne3 f2 66.
Kb3 Kf3 67. Nf1 Kg2 68. Nd2 f1=Q 69. Nxf1 Kxf1 70. Kxb4 1/2-1/2

[Event "PNWCC Masters WOO 2020"]
[Site "chess.com INT"]
[Date "2020.07.06"]
[Round "8.7"]
[White "Jobava, Baadur"]
[Black "Sargissian, Gabriel"]
[Result "1-0"]
[WhiteTitle "GM"]
[BlackTitle "GM"]
[WhiteElo "2603"]
[BlackElo "2682"]
[WhiteFideId "13601520"]
[BlackFideId "13300881"]
[EventDate "2020.07.04"]

1. d4 Nf6 2. c4 e6 3. Nf3 d5 4. cxd5 exd5 5. Nc3 c6 6. Bf4 Bf5 7. e3 Be7 8. h3
Nbd7 9. g4 Bg6 10. Bd3 Ne4 11. Bxe4 dxe4 12. Nd2 Nb6 13. Ndxe4 Nd5 14. Be5 O-O
15. Qb3 Bh4 16. O-O b6 17. Nd6 Be7 18. Nxd5 cxd5 19. Qxd5 Kh8 20. Nf5 Bxf5 21.
Qxd8 Rfxd8 22. gxf5 f6 23. Bg3 Rd5 24. Rfd1 Rxf5 25. d5 Rc8 26. e4 Rg5 27. Rac1
Rxc1 28. Rxc1 Bc5 29. Rxc5 bxc5 30. d6 1-0

[Event "PNWCC Masters WOO 2020"]
[Site "chess.com INT"]
[Date "2020.07.06"]
[Round "8.8"]
[White "Chigaev, Maksim"]
[Black "Postny, Evgeny"]
[Result "1/2-1/2"]
[WhiteTitle "GM"]
[BlackTitle "GM"]
[WhiteElo "2588"]
[BlackElo "2600"]
[WhiteFideId "4108116"]
[BlackFideId "2804344"]
[EventDate "2020.07.04"]

1. e4 c6 2. Nf3 d5 3. d3 dxe4 4. dxe4 Qxd1+ 5. Kxd1 f6 6. Be3 e5 7. Nfd2 Be6 8.
Nb3 Nd7 9. N1d2 b6 10. Ba6 Rb8 11. a4 g6 12. f3 Nh6 13. Ke2 Nf7 14. Bc4 Ke7 15.
a5 Nd6 16. Bxe6 Kxe6 17. axb6 axb6 18. Ra7 Be7 19. Rc7 1/2-1/2

[Event "PNWCC Masters WOO 2020"]
[Site "chess.com INT"]
[Date "2020.07.06"]
[Round "8.9"]
[White "Maghsoodloo, Parham"]
[Black "Bernadskiy, Vitaliy"]
[Result "1-0"]
[WhiteTitle "GM"]
[BlackTitle "GM"]
[WhiteElo "2676"]
[BlackElo "2629"]
[WhiteFideId "12539929"]
[BlackFideId "14100371"]
[EventDate "2020.07.04"]

1. d4 Nf6 2. c4 e6 3. Nf3 d5 4. Nc3 Be7 5. Bg5 Nbd7 6. Qc2 c6 7. e3 O-O 8. cxd5
Nxd5 9. Nxd5 exd5 10. Bxe7 Qxe7 11. Bd3 Nf6 12. O-O Ne4 13. Rab1 Bf5 14. b4 a6
15. Rfc1 Rfe8 16. a4 Rac8 17. Rb2 Rcd8 18. Qb1 Rd6 19. b5 axb5 20. axb5 Rh6 21.
bxc6 bxc6 22. Rb8 Re6 23. Qb2 Qf8 24. Rb6 Rc8 25. Ne5 c5 26. dxc5 Rxc5 27. Rxc5
Nxc5 28. Rb8 Nxd3 29. Rxf8+ Kxf8 30. Nxd3 1-0

[Event "PNWCC Masters WOO 2020"]
[Site "chess.com INT"]
[Date "2020.07.06"]
[Round "8.10"]
[White "Predojevic, Borki"]
[Black "Safarli, Eltaj"]
[Result "1/2-1/2"]
[WhiteTitle "GM"]
[BlackTitle "GM"]
[WhiteElo "2601"]
[BlackElo "2598"]
[WhiteFideId "930849"]
[BlackFideId "13402129"]
[EventDate "2020.07.04"]

1. e4 c5 2. Nf3 Nc6 3. Bb5 d6 4. Bxc6+ bxc6 5. e5 Bg4 6. h3 Bh5 7. d3 e6 8. exd6
Bxd6 9. Nbd2 Ne7 10. Nc4 O-O 11. Qe2 Bc7 12. g4 Bg6 13. Bd2 f6 14. O-O-O e5 15.
Rhg1 Nd5 16. Nh4 Bf7 17. g5 g6 18. gxf6 Qxf6 19. Bg5 Nf4 20. Qf1 Qe6 21. Bxf4
exf4 22. Nf3 Qf6 23. h4 Rab8 24. c3 Bd5 25. Qh3 Qf5 26. Qxf5 Rxf5 27. Ncd2 Bxa2
28. c4 a5 29. Rg5 Rxg5 30. hxg5 a4 31. Re1 Ba5 32. Re7 Bxd2+ 33. Nxd2 Rd8 34.
Kc2 f3 35. Ne4 Rd4 36. Nf6+ Kf8 37. Rxh7 Rf4 38. Kc3 Bb3 39. Ne4 Rg4 40. Nxc5
Rg2 41. Ne4 Rg1 42. Nf6 Rc1+ 43. Kd4 Rc2 44. Rd7 Rxf2 45. Nh7+ Ke8 46. Nf6+ Kf8
47. Nh7+ Ke8 48. Nf6+ Kf8 1/2-1/2

[Event "PNWCC Masters WOO 2020"]
[Site "chess.com INT"]
[Date "2020.07.06"]
[Round "8.11"]
[White "Oparin, Grigoriy"]
[Black "Shyam, Sundar M."]
[Result "1-0"]
[WhiteTitle "GM"]
[BlackTitle "GM"]
[WhiteElo "2652"]
[BlackElo "2518"]
[WhiteFideId "24125890"]
[BlackFideId "5019141"]
[EventDate "2020.07.04"]

1. Nf3 Nf6 2. g3 g6 3. Bg2 Bg7 4. c4 c5 5. d4 cxd4 6. Nxd4 Nc6 7. O-O h5 8. h3
O-O 9. Nc3 d6 10. Be3 Bd7 11. Rc1 Rc8 12. b3 Qa5 13. Qd2 Rfe8 14. Rfd1 a6 15.
Nf3 1-0

[Event "PNWCC Masters WOO 2020"]
[Site "chess.com INT"]
[Date "2020.07.06"]
[Round "8.12"]
[White "Nguyen, Thanh Thuy Tien"]
[Black "Kovalev, Vladislav"]
[Result "0-1"]
[WhiteTitle "WIM"]
[BlackTitle "GM"]
[WhiteElo "1971"]
[BlackElo "2648"]
[WhiteFideId "12400998"]
[BlackFideId "13504398"]
[EventDate "2020.07.04"]

1. Nf3 Nf6 2. c4 g6 3. Nc3 Bg7 4. d4 O-O 5. e4 d6 6. Be2 Na6 7. O-O e5 8. h3
exd4 9. Nxd4 Re8 10. Bd3 Nc5 11. Re1 Nxd3 12. Qxd3 Nd7 13. Be3 c6 14. Rad1 Nc5
15. Qc2 Qe7 16. b4 Nd7 17. b5 Ne5 18. Na4 c5 19. Ne2 Be6 20. Nb2 a6 21. f4 Nd7
22. Nc3 axb5 23. f5 Bxc4 24. Nxc4 bxc4 25. Nb5 Qxe4 26. Qxe4 Rxe4 27. Rxd6 Nf6
28. fxg6 hxg6 29. Nc3 Ree8 30. Bf2 Rxe1+ 31. Bxe1 Re8 32. Bf2 Ne4 33. Nxe4 Rxe4
34. Bxc5 c3 35. Rd1 c2 36. Rc1 Rc4 37. Ba3 Bh6 0-1

[Event "PNWCC Masters WOO 2020"]
[Site "chess.com INT"]
[Date "2020.07.06"]
[Round "8.13"]
[White "Li, Ben"]
[Black "Demchenko, Anton"]
[Result "0-1"]
[WhiteTitle "IM"]
[BlackTitle "GM"]
[WhiteElo "2376"]
[BlackElo "2641"]
[WhiteFideId "2089980"]
[BlackFideId "4160258"]
[EventDate "2020.07.04"]

1. d4 Nf6 2. c4 g6 3. Nc3 Bg7 4. e4 O-O 5. Nf3 d6 6. h3 e5 7. d5 a5 8. Bg5 Na6
9. Be2 Nc5 10. Nd2 Bd7 11. g4 a4 12. a3 c6 13. Be3 Ne8 14. g5 Nc7 15. h4 Qe7 16.
Qc2 cxd5 17. exd5 Bf5 18. Nce4 Nxe4 19. Nxe4 b5 20. Bf3 Rac8 21. Qd3 bxc4 22.
Qxc4 Ne6 23. Qe2 Nd4 24. Bxd4 exd4 25. O-O Qe5 26. Bg2 Qf4 27. Ng3 Bc2 28. Rad1
Qxh4 29. Rd2 d3 30. Qe3 Rfe8 31. Ne4 Bxb2 32. f4 Rxe4 33. Qxe4 Bxa3 34. Bf3 Qg3+
35. Kh1 Qh3+ 36. Kg1 Bc5+ 37. Rff2 Qg3+ 38. Kf1 Bxf2 39. Rxf2 d2 40. Qd4 Qxf3
41. Rxf3 d1=Q+ 42. Qxd1 Bxd1 43. Rd3 Bb3 44. Rd2 Rc5 45. Ke2 Rc2 0-1

[Event "PNWCC Masters WOO 2020"]
[Site "chess.com INT"]
[Date "2020.07.06"]
[Round "8.14"]
[White "Tabatabaei, M.amin"]
[Black "Tran, Tuan Minh"]
[Result "1-0"]
[WhiteTitle "GM"]
[BlackTitle "GM"]
[WhiteElo "2629"]
[BlackElo "2518"]
[WhiteFideId "12521213"]
[BlackFideId "12401820"]
[EventDate "2020.07.04"]

1. d4 Nf6 2. c4 e6 3. Nf3 b6 4. g3 Bb7 5. Bg2 Be7 6. Nc3 Ne4 7. Bd2 O-O 8. Qc2
Nxd2 9. Qxd2 Bb4 10. O-O d6 11. Qc2 Bxc3 12. Ng5 Qxg5 13. Bxb7 Bxd4 14. Bxa8 c6
15. Rad1 Bc5 16. a3 a5 17. Qa4 Qg4 18. Bxc6 Nxc6 19. Qxc6 Qxe2 20. Rb1 Qxc4 21.
Qf3 a4 22. Rfc1 Qd4 23. Kg2 d5 24. h4 Ra8 25. h5 h6 26. Rd1 Qe5 27. Re1 Qd4 28.
Qf4 Qxf4 29. gxf4 Kf8 30. Rbd1 Re8 31. f5 Re7 32. Kf3 Ke8 33. Rg1 Kf8 34. Rg4
Ra7 35. Rdg1 exf5 36. Rxg7 Ra5 37. Rh7 Rb5 38. Rgg7 Rxb2 39. Rxf7+ Kg8 40. Rfg7+
Kf8 41. Ra7 Rxf2+ 42. Kg3 Kg8 43. Rhg7+ Kh8 44. Rh7+ Kg8 45. Rhb7 1-0

[Event "PNWCC Masters WOO 2020"]
[Site "chess.com INT"]
[Date "2020.07.06"]
[Round "8.15"]
[White "Hakobyan, Aram"]
[Black "Brodsky, David"]
[Result "1-0"]
[WhiteTitle "GM"]
[BlackTitle "IM"]
[WhiteElo "2588"]
[BlackElo "2455"]
[WhiteFideId "13306677"]
[BlackFideId "2073250"]
[EventDate "2020.07.04"]

1. d4 Nf6 2. c4 e6 3. Nf3 b6 4. a3 Bb7 5. Nc3 d5 6. Qc2 c5 7. cxd5 Nxd5 8. e4
Nxc3 9. bxc3 Nd7 10. Bd3 Qc7 11. Qd2 Be7 12. O-O O-O 13. Re1 cxd4 14. cxd4 Rac8
15. Bb2 Rfd8 16. Rad1 Qb8 17. Qe3 b5 18. d5 exd5 19. exd5 Bf6 20. Ng5 h6 21.
Nxf7 Re8 22. Nxh6+ Kf8 23. Qf3 Ne5 24. Bxe5 Rxe5 25. Ng4 Bxd5 26. Nxf6 Bxf3 27.
Nd7+ Kf7 28. Nxb8 Bxd1 29. Rxe5 Rxb8 30. Rxb5 Rd8 31. Bc4+ Kf6 32. Rd5 Rxd5 33.
Bxd5 Ke5 34. Bc6 Kd4 35. h4 Kc3 36. f3 a5 37. g4 a4 38. h5 Bc2 39. Be4 1-0

[Event "PNWCC Masters WOO 2020"]
[Site "chess.com INT"]
[Date "2020.07.06"]
[Round "8.16"]
[White "Vokhidov, Shamsiddin"]
[Black "Indjic, Aleksandar"]
[Result "0-1"]
[WhiteTitle "GM"]
[BlackTitle "GM"]
[WhiteElo "2512"]
[BlackElo "2618"]
[WhiteFideId "14204223"]
[BlackFideId "911925"]
[EventDate "2020.07.04"]

1. e4 e5 2. Nf3 Nc6 3. Bb5 a6 4. Ba4 Nf6 5. O-O Be7 6. Re1 b5 7. Bb3 d6 8. c3
O-O 9. h3 Nb8 10. d4 Nbd7 11. Bc2 Bb7 12. a4 Re8 13. Bd3 c6 14. Nbd2 Bf8 15. Qc2
g6 16. b3 Nh5 17. Bf1 Nf4 18. Bb2 Ne6 19. b4 Rc8 20. Nb3 exd4 21. cxd4 Nb6 22.
axb5 cxb5 23. Qb1 Na4 24. d5 Nxb2 25. dxe6 Bg7 26. Na5 Ba8 27. exf7+ Kxf7 28. e5
Bxf3 29. Qxb2 Rxe5 30. Rxe5 Bxe5 31. Qa2+ Kf8 32. Re1 Ba8 33. g3 Rc3 34. Bg2
Bxg2 35. Kxg2 Qa8+ 36. Kg1 Qf3 37. Qd2 Kg7 38. Qg5 Rc2 39. Rf1 Bf6 40. Qg4 Qxg4
41. hxg4 Bc3 42. Nc6 Bd2 43. Rd1 Kf6 44. Kg2 Rxc6 45. Rxd2 Ke5 46. Re2+ Kd4 47.
f4 Kc3 48. f5 Kxb4 49. Re7 g5 50. Kf3 d5 51. Re6 Kc5 52. Re7 h6 53. Ke3 a5 54.
Ra7 a4 55. Kd3 Kb4 56. Kd4 Rc4+ 0-1

[Event "PNWCC Masters WOO 2020"]
[Site "chess.com INT"]
[Date "2020.07.06"]
[Round "8.17"]
[White "Bosiocic, Marin"]
[Black "He, Anthony"]
[Result "1-0"]
[WhiteTitle "GM"]
[BlackTitle "FM"]
[WhiteElo "2625"]
[BlackElo "2337"]
[WhiteFideId "14507927"]
[BlackFideId "2088215"]
[EventDate "2020.07.04"]

1. d4 Nf6 2. Bg5 d5 3. e3 c5 4. Nd2 Nc6 5. c3 cxd4 6. exd4 h6 7. Bf4 Bf5 8. Qb3
Qc8 9. Ngf3 e6 10. Be2 Be7 11. O-O O-O 12. h3 Bh7 13. a4 Na5 14. Qa2 Rd8 15.
Rfc1 Bd6 16. Bxd6 Rxd6 17. b4 Nc6 18. a5 Qd8 19. Nb3 Qe7 20. b5 Nb8 21. Qa3 Nbd7
22. Ne5 Ne4 23. f3 Ng3 24. Bf1 Rc8 25. c4 Nxf1 26. c5 Nxe5 27. cxd6 Nxf3+ 28.
Kxf1 Rxc1+ 29. Nxc1 Nd2+ 30. Ke1 Qg5 31. h4 Qxg2 32. d7 Be4 33. d8=Q+ Kh7 34.
Qc7 Nf3+ 35. Qxf3 Qxf3 36. Kd2 Qf2+ 37. Ne2 Bf3 38. Qe5 Be4 39. Qf4 Bf3 40. Qe3
Qg2 41. Rg1 1-0

[Event "PNWCC Masters WOO 2020"]
[Site "chess.com INT"]
[Date "2020.07.06"]
[Round "8.18"]
[White "Free, Graham"]
[Black "Kuzubov, Yuriy"]
[Result "0-1"]
[BlackTitle "GM"]
[WhiteElo "2138"]
[BlackElo "2643"]
[WhiteFideId "2004976"]
[BlackFideId "14112906"]
[EventDate "2020.07.04"]

1. d4 c5 2. d5 g6 3. e4 Bg7 4. Nc3 d6 5. Nf3 Nf6 6. Bc4 Na6 7. O-O O-O 8. Re1
Bg4 9. h3 Bxf3 10. Qxf3 Nc7 11. Bf4 Nd7 12. Qd1 a6 13. a4 b6 14. Qd2 Re8 15.
Rab1 Rb8 16. Qe2 Qc8 17. Qf1 Qb7 18. Be2 b5 19. Bd2 Rec8 20. axb5 axb5 21. b4 c4
22. Bg4 Ne8 23. Ra1 Ra8 24. Rxa8 Rxa8 25. Bxd7 Qxd7 26. Ra1 Rxa1 27. Qxa1 f5 28.
exf5 Bxc3 29. Qxc3 Qxf5 30. Qe3 Kf7 31. Qh6 Qh5 32. Qf4+ Nf6 33. Bc3 Qd1+ 34.
Kh2 Qxd5 35. Bxf6 exf6 36. g3 c3 37. Qh6 Qh5 38. Qe3 Qf5 39. Qxc3 Qxf2+ 40. Kh1
Qf1+ 41. Kh2 Qc4 42. Qd2 d5 43. c3 g5 44. Qe3 h5 45. Qf3 Kg6 46. Qe3 Qe4 47. Qd2
Qf3 48. Qd4 Qe2+ 49. Kg1 Qe4 50. Qxe4+ dxe4 51. c4 bxc4 52. Kf2 c3 53. Ke2 Kf7
54. Kd1 e3 55. Ke2 c2 0-1

[Event "PNWCC Masters WOO 2020"]
[Site "chess.com INT"]
[Date "2020.07.06"]
[Round "8.19"]
[White "Melkumyan, Hrant"]
[Black "Kumar, Nikhil"]
[Result "1-0"]
[WhiteTitle "GM"]
[BlackTitle "FM"]
[WhiteElo "2663"]
[BlackElo "2328"]
[WhiteFideId "13302485"]
[BlackFideId "30909040"]
[EventDate "2020.07.04"]

1. e4 e5 2. Nf3 Nc6 3. Bb5 Nf6 4. O-O Nxe4 5. d4 Nd6 6. Bxc6 dxc6 7. dxe5 Nf5 8.
Qxd8+ Kxd8 9. Rd1+ Ke8 10. Nc3 Be6 11. Ng5 Be7 12. Nxe6 fxe6 13. Ne4 Rd8 14.
Rxd8+ Kxd8 15. Bg5 Bxg5 16. Rd1+ Ke7 17. Nxg5 h6 18. Ne4 b6 19. Kf1 Rd8 20. Rxd8
Kxd8 21. Ke2 c5 22. f4 Nd4+ 23. Kd3 Nc6 24. c3 Ke7 25. g4 g5 26. Ke3 gxf4+ 27.
Kxf4 Kf7 28. h4 Ne7 29. h5 Nd5+ 30. Kf3 Kg7 31. Nf2 Kf7 32. Nh3 Ne7 33. g5 Nf5
34. gxh6 Nxh6 35. Ng5+ Ke7 36. Kf4 a6 37. Ne4 Nf7 38. Nf6 Kf8 39. c4 Nh6 40.
Nh7+ Kf7 41. Ng5+ Ke7 42. b3 a5 43. Ne4 Nf7 44. a3 Kd7 45. Nf6+ Ke7 46. Ng4 c6
47. a4 Kf8 48. Nf6 Ke7 49. Ne4 Kd7 50. Nd6 1-0

[Event "PNWCC Masters WOO 2020"]
[Site "chess.com INT"]
[Date "2020.07.06"]
[Round "8.20"]
[White "Nandhidhaa, P V"]
[Black "Kobalia, Mikhail"]
[Result "0-1"]
[WhiteTitle "WGM"]
[BlackTitle "GM"]
[WhiteElo "2365"]
[BlackElo "2614"]
[WhiteFideId "5050847"]
[BlackFideId "4119150"]
[EventDate "2020.07.04"]

1. e4 g6 2. d4 Bg7 3. Nf3 d6 4. Bc4 e6 5. Bb3 Nd7 6. O-O a6 7. c3 b6 8. Bg5 Ne7
9. Nbd2 Bb7 10. Qe2 h6 11. Be3 d5 12. exd5 Nxd5 13. Nc4 O-O 14. Nce5 Nxe5 15.
Nxe5 Qh4 16. Rfe1 Rad8 17. Bd2 Nf4 18. Bxf4 Qxf4 19. Rad1 c5 20. dxc5 Rxd1 21.
Bxd1 bxc5 22. Bb3 Rd8 23. Nc4 Qg5 24. f3 h5 25. Rd1 Bh6 26. Rxd8+ Qxd8 27. Ne5
Qd6 28. Nc4 Qf4 29. Na5 Ba8 30. Bc4 Qc1+ 31. Kf2 Bf4 32. Bxe6 Bxh2 33. Qxa6 Qd2+
34. Kf1 Bg3 35. Bxf7+ Kxf7 36. Qa7+ Kf6 37. Qb6+ Kg7 0-1

[Event "PNWCC Masters WOO 2020"]
[Site "chess.com INT"]
[Date "2020.07.06"]
[Round "8.21"]
[White "Shabalov, Alexander"]
[Black "Pan, Kevin"]
[Result "1-0"]
[WhiteTitle "GM"]
[WhiteElo "2528"]
[BlackElo "2106"]
[WhiteFideId "2008572"]
[BlackFideId "30915708"]
[EventDate "2020.07.04"]

1. Nf3 d5 2. e3 Nf6 3. c4 e6 4. b3 c6 5. Bb2 Nbd7 6. Nc3 Be7 7. Qc2 b6 8. d4 Bb7
9. Bd3 Qc7 10. O-O O-O 11. Rad1 h6 12. h3 Rad8 13. Ne5 Qb8 14. f4 dxc4 15. bxc4
c5 16. Qe2 Qa8 17. Bb1 Rfe8 18. d5 exd5 19. cxd5 Nf8 20. e4 Bd6 21. Nc4 Bb8 22.
Ne3 Ng6 23. e5 Nxf4 24. Rxf4 Bxe5 25. Rf3 Bd4 26. Nb5 Bxd5 27. Nxd4 cxd4 28.
Rxf6 Rxe3 29. Qg4 Bxg2 30. Bxd4 Bxh3 31. Bh7+ Kxh7 32. Rxh6+ Kxh6 33. Bxe3+ Kh7
34. Qh4+ Kg6 35. Qg5+ Kh7 36. Rxd8 1-0

[Event "PNWCC Masters WOO 2020"]
[Site "chess.com INT"]
[Date "2020.07.06"]
[Round "8.22"]
[White "Salik, Serkan"]
[Black "Lintchevski, Daniil"]
[Result "0-1"]
[BlackTitle "GM"]
[WhiteElo "1986"]
[BlackElo "2559"]
[WhiteFideId "30952492"]
[BlackFideId "4171055"]
[EventDate "2020.07.04"]

1. d4 Nf6 2. c4 b6 3. f3 Nc6 4. e4 e5 5. d5 Nd4 6. Ne2 Bc5 7. Nd2 O-O 8. Nxd4
Bxd4 9. Nb3 Nxe4 10. fxe4 Qh4+ 11. Kd2 Qxe4 12. Qf3 Qh4 13. g3 Qe7 14. Nxd4 exd4
15. Bd3 Ba6 16. Qe4 Qxe4 17. Bxe4 Bxc4 18. b3 Rfe8 19. Re1 f5 20. Bf3 Rxe1 21.
Kxe1 Bb5 22. a4 Re8+ 23. Kd2 Ba6 24. Bb2 Re3 25. Bd1 c5 26. dxc6 dxc6 27. b4 c5
28. Ra3 Re8 29. b5 Bb7 30. Bb3+ Kf8 31. Bc4 Ke7 32. a5 Kd6 33. axb6 axb6 34. Ra7
Re7 35. Bc1 g5 36. Be2 h6 37. Kd1 d3 38. Bh5 Bf3+ 39. Bxf3 Rxa7 40. h4 Ra1 41.
Kd2 Rxc1 42. Kxc1 Ke5 0-1

[Event "PNWCC Masters WOO 2020"]
[Site "chess.com INT"]
[Date "2020.07.06"]
[Round "8.23"]
[White "Murzin, Volodar"]
[Black "Zhang, Samuel"]
[Result "1-0"]
[WhiteTitle "IM"]
[WhiteElo "2465"]
[BlackElo "2033"]
[WhiteFideId "44155573"]
[BlackFideId "30942993"]
[EventDate "2020.07.04"]

1. e4 c5 2. Nf3 d6 3. Bb5+ Bd7 4. Bxd7+ Qxd7 5. O-O Nc6 6. c3 Nf6 7. d4 cxd4 8.
cxd4 d5 9. e5 Ne4 10. Be3 e6 11. Ne1 f6 12. f3 Ng5 13. exf6 gxf6 14. Nc3 Nf7 15.
Nd3 O-O-O 16. Rc1 Kb8 17. Re1 e5 18. dxe5 fxe5 19. Bf2 Rg8 20. Bg3 Qf5 21. Nb5
Bh6 22. Rxc6 bxc6 23. Nxe5 Ka8 24. Nxc6 Rd7 25. Ne7 Qg5 26. Nxg8 Qxg8 27. Nc7+ 1-0

[Event "PNWCC Masters WOO 2020"]
[Site "chess.com INT"]
[Date "2020.07.06"]
[Round "8.24"]
[White "Kumar, Naman"]
[Black "Yip, Carissa"]
[Result "0-1"]
[BlackTitle "IM"]
[WhiteElo "2115"]
[BlackElo "2421"]
[WhiteFideId "30908922"]
[BlackFideId "2090732"]
[EventDate "2020.07.04"]

1. d4 g6 2. c4 Bg7 3. Nc3 e6 4. e4 Ne7 5. g3 d5 6. cxd5 exd5 7. Nge2 dxe4 8.
Nxe4 h6 9. Bg2 Nbc6 10. Be3 O-O 11. O-O Nf5 12. d5 Nxe3 13. fxe3 Ne5 14. N2c3
Bg4 15. Qc2 h5 16. h3 Bd7 17. b3 Qe7 18. Rad1 Qb4 19. Rd4 Qb6 20. d6 c6 21. Na4
Qd8 22. Nac5 Rb8 23. Qf2 Bf5 24. Qd2 b6 25. Nd3 Nxd3 26. Rxd3 Qd7 27. h4 Rbe8
28. Rxf5 Qxf5 29. Ng5 Qd7 30. Qc2 c5 31. Bh3 f5 32. Qc4+ Kh8 33. b4 cxb4 34.
Qxb4 Bf6 35. Bg2 Rc8 36. e4 Bxg5 37. hxg5 fxe4 38. Qxe4 Kh7 39. Rd5 Rc5 40. Rd2
Rxg5 41. Kh2 Re8 42. Qc6 Qxc6 43. Bxc6 Rd8 44. d7 Re5 45. a4 Kg7 46. Kh3 Re6 47.
Bb5 Kf6 48. Rd3 Ke7 49. g4 a6 50. Bxa6 Rxd7 51. Rc3 hxg4+ 52. Kxg4 Rd4+ 0-1

[Event "PNWCC Masters WOO 2020"]
[Site "chess.com INT"]
[Date "2020.07.06"]
[Round "8.25"]
[White "Altman, Joshua"]
[Black "Zhao, Ian"]
[Result "0-1"]
[WhiteTitle "CM"]
[BlackTitle "FM"]
[WhiteElo "1926"]
[BlackElo "2380"]
[WhiteFideId "426210"]
[BlackFideId "2620740"]
[EventDate "2020.07.04"]

1. d4 Nf6 2. c4 e6 3. Nf3 d5 4. Nc3 Bb4 5. cxd5 exd5 6. Bg5 h6 7. Bh4 g5 8. Bg3
Ne4 9. Nd2 Nxc3 10. bxc3 Bxc3 11. Rc1 Ba5 12. e3 c6 13. Be5 f6 14. Bg3 Bf5 15.
Be2 Nd7 16. Bh5+ Kf8 17. O-O Kg7 18. f4 Qe7 19. Qe2 Bxd2 20. Qxd2 Be4 21. Rf2
Nb6 22. fxg5 hxg5 23. Bg4 Nc4 24. Qe2 Rae8 25. Rcf1 Rh6 26. Bh5 Bg6 27. Bxg6
Rxg6 28. Re1 Qxe3 29. Qxe3 Rxe3 30. Rxe3 Nxe3 31. Re2 Nf5 32. Bb8 a6 33. Ba7 Kf7
34. Bc5 g4 35. Rf2 Ke6 36. Re2+ Kd7 37. a4 Nd6 38. Rb2 Rg7 39. a5 Ke6 40. Re2+
Ne4 41. Bb6 f5 42. g3 f4 43. gxf4 Kf5 44. Kg2 Kxf4 45. Ba7 Kg5 46. Rb2 Rf7 47.
Bb8 Kh4 48. Be5 Kg5 49. Bb8 Rf3 50. Rxb7 Ra3 51. Bc7 Ra2+ 52. Kg1 Ra4 53. Ra7
Rxd4 54. Rxa6 Rd1+ 55. Kg2 d4 56. Ra8 d3 57. Rg8+ Kf5 58. Rf8+ Ke6 59. Re8+ Kd5
60. a6 Ra1 61. Re5+ Kd4 62. Ra5 Rc1 63. a7 Rc2+ 64. Kf1 d2 65. Bb6+ Kd3 66. Ra3+
Nc3 67. Rxc3+ Rxc3 68. a8=Q d1=Q+ 69. Kg2 Qf3+ 70. Kg1 Rc1# 0-1

[Event "PNWCC Masters WOO 2020"]
[Site "chess.com INT"]
[Date "2020.07.06"]
[Round "8.27"]
[White "Wang, Alex Yuxuan"]
[Black "Tarjan, James"]
[Result "1/2-1/2"]
[BlackTitle "GM"]
[WhiteElo "1983"]
[BlackElo "2381"]
[WhiteFideId "30943876"]
[BlackFideId "2000180"]
[EventDate "2020.07.04"]

1. d4 f5 2. g3 Nf6 3. Bg2 e6 4. Nf3 d5 5. c4 Bd6 6. O-O O-O 7. b3 c6 8. Bb2 b6
9. Nbd2 Bb7 10. Rc1 Nbd7 11. Ne5 Qe7 12. e3 Rac8 13. f4 Rfd8 14. Qe2 Ba3 15.
Ndf3 Nxe5 16. Nxe5 Bxb2 17. Qxb2 c5 18. Qa3 a5 19. Rfd1 dxc4 20. bxc4 Bxg2 21.
Kxg2 Qb7+ 22. Kg1 Nd7 23. Qb3 Qe4 24. Kf2 cxd4 25. Rxd4 Nxe5 26. Rxe4 Rd2+ 27.
Kf1 Nf3 28. c5 Nxh2+ 29. Ke1 Nf3+ 30. Kf1 Nh2+ 31. Ke1 Nf3+ 1/2-1/2

[Event "PNWCC Masters WOO 2020"]
[Site "chess.com INT"]
[Date "2020.07.06"]
[Round "8.29"]
[White "Liang, Jason"]
[Black "Leschinsky, Gary"]
[Result "1-0"]
[WhiteTitle "FM"]
[WhiteElo "2340"]
[BlackElo "1888"]
[WhiteFideId "30940303"]
[BlackFideId "30951321"]
[EventDate "2020.07.04"]

1. d4 d5 2. Bf4 Nf6 3. e3 c5 4. c3 Nc6 5. Nd2 cxd4 6. exd4 Bg4 7. Qb3 Qc8 8.
Ngf3 e6 9. h3 Bh5 10. g4 Bg6 11. Nh4 Be7 12. Nxg6 hxg6 13. Bg2 a6 14. O-O O-O
15. Qd1 b5 16. a3 a5 17. Ra2 b4 18. axb4 axb4 19. Qb3 Rxa2 20. Qxa2 bxc3 21.
bxc3 Qd7 22. Rb1 Bd6 23. Bxd6 Qxd6 24. Qa6 Nd7 25. Nc4 Ndb8 26. Nxd6 Nxa6 27.
Rb6 Nab8 28. Rb7 f6 29. f4 Rd8 30. Nb5 Na5 31. Re7 Nbc6 32. Rxe6 Kf7 33. f5 gxf5
34. gxf5 Ne7 35. Nd6+ Kf8 36. Kf2 Rb8 37. Ke3 Nac6 38. Kd3 Rb3 39. Bxd5 Nb4+ 40.
Kc4 Rxc3+ 41. Kxc3 Nbxd5+ 42. Kc4 Nf4 43. Re3 Nfd5 44. Rb3 Kg8 45. Rb8+ Kh7 46.
Kc5 Ne3 47. Re8 N3xf5 48. Nxf5 Nxf5 49. d5 g5 50. d6 Nxd6 51. Kxd6 Kg6 52. Ke6
f5 53. Rg8+ 1-0

[Event "PNWCC Masters WOO 2020"]
[Site "chess.com INT"]
[Date "2020.07.06"]
[Round "8.30"]
[White "Papp, Petra"]
[Black "Kondakov, Adrian"]
[Result "0-1"]
[WhiteTitle "WGM"]
[BlackTitle "CM"]
[WhiteElo "2338"]
[BlackElo "1986"]
[WhiteFideId "739049"]
[BlackFideId "30920302"]
[EventDate "2020.07.04"]

1. d4 Nf6 2. c4 g6 3. Nc3 Bg7 4. e4 d6 5. h3 O-O 6. Be3 e5 7. d5 a5 8. g4 Na6 9.
Nge2 h5 10. Qd2 hxg4 11. O-O-O Nc5 12. Ng3 a4 13. Kb1 a3 14. b3 Re8 15. Bg5 c6
16. h4 cxd5 17. cxd5 Qa5 18. h5 Bd7 19. Rc1 Nh7 20. hxg6 fxg6 21. Bh6 Re7 22.
Be3 Rf7 23. Be2 Nf6 24. f3 b5 25. Rcg1 Rc8 26. Rc1 gxf3 27. Bxf3 Bg4 28. Bg2
Rfc7 29. Qf2 Nd3 30. Bb6 Rxc3 31. Bxa5 Rxc1+ 32. Rxc1 Rxc1# 0-1